Pipe line rules of thumb handbook : (Record no. 13418)
[ view plain ]
| 000 -LEADER | |
|---|---|
| fixed length control field | 00957cam a22002415a 4500 |
| 001 - CONTROL NUMBER | |
| control field | 16002578 |
| 005 - DATE AND TIME OF LATEST TRANSACTION | |
| control field | 20160228152744.0 |
| 008 - FIXED-LENGTH DATA ELEMENTS--GENERAL INFORMATION | |
| fixed length control field | 091201t2009 maua frbf 001 0 eng d |
| 020 ## - INTERNATIONAL STANDARD BOOK NUMBER | |
| International Standard Book Number | 9781856175005 (pbk.) |
| 040 ## - CATALOGING SOURCE | |
| Original cataloging agency | UKM |
| Transcribing agency | UKM |
| Modifying agency | BWX |
| -- | C#P |
| -- | CDX |
| -- | BTCTA |
| -- | BAKER |
| -- | YDXCP |
| -- | DLC |
| -- | EG-ScBUE |
| Language of cataloging | eng |
| 082 04 - DEWEY DECIMAL CLASSIFICATION NUMBER | |
| Classification number | 621.8672 |
| Edition number | 22 |
| Item number | PIP |
| 245 00 - TITLE STATEMENT | |
| Title | Pipe line rules of thumb handbook : |
| Remainder of title | quick and accurate solutions to your everyday pipe line problems / |
| Statement of responsibility, etc | editor E. W. McAllister. |
| 250 ## - EDITION STATEMENT | |
| Edition statement | 7th ed. |
| 260 ## - PUBLICATION, DISTRIBUTION, ETC. (IMPRINT) | |
| Place of publication, distribution, etc | Burlington ; |
| -- | Oxford : |
| Name of publisher, distributor, etc | Gulf Professional / Elsevier, |
| Date of publication, distribution, etc | c.2009. |
| 300 ## - PHYSICAL DESCRIPTION | |
| Extent | xiii, 747 p. : |
| Other physical details | ill. ; |
| Dimensions | 28 cm. |
| 500 ## - GENERAL NOTE | |
| General note | Index : p. 741-747. |
| 504 ## - BIBLIOGRAPHY, ETC. NOTE | |
| Bibliography, etc | Includes bibliographical references. |
| 650 #0 - SUBJECT ADDED ENTRY--TOPICAL TERM | |
| Topical term or geographic name as entry element | Pipelines |
| Form subdivision | Handbooks, manuals, etc. |
| 9 (RLIN) | 11494 |
| Source of heading or term | BUEsh |
| 650 #0 - SUBJECT ADDED ENTRY--TOPICAL TERM | |
| Topical term or geographic name as entry element | Piping |
| Form subdivision | Handbooks, manuals, etc. |
| 9 (RLIN) | 11930 |
| General subdivision | Design and construction |
| Source of heading or term | BUEsh |
| 653 ## - INDEX TERM--UNCONTROLLED | |
| Resource For college | Engineering, General |
| Arrived date list | February2016 |
| 700 1# - ADDED ENTRY--PERSONAL NAME | |
| Personal name | McAllister, E. W., |
| 9 (RLIN) | 11495 |
| Relator term | editor. |
| 942 ## - ADDED ENTRY ELEMENTS (KOHA) | |
| Source of classification or shelving scheme | Dewey Decimal Classification |
| Withdrawn status | Item status | Source of classification or shelving scheme | Damaged status | Not for loan | Vendor | Home library | Current library | Shelving location | Date acquired | Source of acquisition | Cost, normal purchase price | Serial Enumeration / chronology | Total Checkouts | Full call number | Barcode | Date last seen | Koha item type | Cost, replacement price |
|---|---|---|---|---|---|---|---|---|---|---|---|---|---|---|---|---|---|---|
| Dewey Decimal Classification | Alahram | Central Library | Central Library | Ground Floor | 18/02/2010 | Purchase | 167.50 | 37 | 665.544 PIP | 000019930 | 15/07/2025 | Reference (NB) | ||||||
| Dewey Decimal Classification | Iqraa | Central Library | Central Library | Ground Floor | 28/02/2016 | Purchase | 1035.00 | 3740 | 665.544 PIP | 000031749 | 15/07/2025 | Reference (NB) | 1293.75 |